00494 a2200157 4500001001000000005001700010008004100027245006100068100002700129700003300156700003100189700002300220700001700243773005900260999001700319ART_2360220260410161827.0260409a 10aSituación actual en la mitilicultura en Puerto Almanza1 aPagani, Andrea Noemí1 aGualdoni, Patricia Alejandra1 aBertolotti, María Isabel1 aErrazti, Elizabeth1 aFosati, Juan0 tFACESg- Año 18, Nº 38/39 (ene./dic. 2012)wREV5046 c22857d22857